|
|
|
|
| LEADER |
01564nam a2200397 a 4500 |
| 001 |
EBC647886 |
| 003 |
MiAaPQ |
| 005 |
20200520144314.0 |
| 006 |
m o d | |
| 007 |
cr cn||||||||| |
| 008 |
110202s2010 ne ad sb 000 0 eng d |
| 020 |
|
|
|z 9781607505488
|
| 020 |
|
|
|a 9781607505495 (electronic bk.)
|
| 035 |
|
|
|a (MiAaPQ)EBC647886
|
| 035 |
|
|
|a (Au-PeEL)EBL647886
|
| 035 |
|
|
|a (CaPaEBR)ebr10440462
|
| 035 |
|
|
|a (CaONFJC)MIL295608
|
| 035 |
|
|
|a (OCoLC)704520186
|
| 040 |
|
|
|a MiAaPQ
|c MiAaPQ
|d MiAaPQ
|
| 043 |
|
|
|a e------
|
| 050 |
|
4 |
|a HD7287.82.E85
|b H66 2010
|
| 245 |
0 |
0 |
|a Home ownership
|h [electronic resource] :
|b getting in, getting from, getting out. Part III /
|c John Doling, Marja Elsinga, Richard Ronald (eds.).
|
| 260 |
|
|
|a Amsterdam, The Netherlands :
|b IOS Press,
|c 2010.
|
| 300 |
|
|
|a 175 p. :
|b ill.
|
| 490 |
1 |
|
|a Housing and urban policy studies,
|x 0926-6240 ;
|v 34
|
| 504 |
|
|
|a Includes bibliographical references.
|
| 533 |
|
|
|a Electronic reproduction. Ann Arbor, MI : ProQuest, 2015. Available via World Wide Web. Access may be limited to ProQuest affiliated libraries.
|
| 650 |
|
0 |
|a Home ownership
|x Economic aspects
|z European Union countries.
|
| 650 |
|
0 |
|a Home ownership
|x Social aspects
|z European Union countries.
|
| 655 |
|
4 |
|a Electronic books.
|
| 700 |
1 |
|
|a Doling, J.
|
| 700 |
1 |
|
|a Elsinga, Marja.
|
| 700 |
1 |
|
|a Ronald, Richard.
|
| 710 |
2 |
|
|a ProQuest (Firm)
|
| 830 |
|
0 |
|a Housing and urban policy studies ;
|v 34.
|
| 856 |
4 |
0 |
|u https://ebookcentral.proquest.com/lib/matrademy/detail.action?docID=647886
|z Click to View
|